| 000 | 00610nam a2200217 a 4500 | ||
|---|---|---|---|
| 001 | 12001 | ||
| 003 | CO-ViMGA | ||
| 008 | 141112s2004 ck r 000 u spa d | ||
| 020 | _a9580436355 | ||
| 040 |
_aCO-ViMGA _bspa _cCO-ViMGA |
||
| 082 | 0 | 4 | _a891.43 C266 |
| 100 | 1 |
_aChopra, Gautama _916919 |
|
| 245 | 1 | 0 |
_aEl Niño del Alba : _bun viaje magico hacia el despertar |
| 260 |
_aBogotá, _cEd. Norma S.A., _c1996 |
||
| 300 | _a224 p. | ||
| 500 | _aFecha : 1996 | ||
| 650 | 1 | 4 |
_aCUENTOS HINDUES _916920 |
| 650 | 1 | 4 |
_aESPIRITUALIDAD - CUENTOS _916921 |
| 650 | 1 | 4 |
_aFELICIDAD - CUENTOS _916922 |
| 942 |
_2ddc _cBK |
||
| 999 |
_c23054 _d23054 |
||